Daily Dose of Animal Knowledge #1 - Statistics

General Stats
  • This quiz has been taken 28 times
  • The average score is 4 of 12
Answer Stats
Question Answer % Correct
fastest animal ever peregrine falcon
100%
smallest reptile brookesia micra
67%
biggest rodent capybara
67%
biggest cat siberian tiger
67%
which of these animals can go airborn colugo
33%
oldest animal galapagos tortoise
33%
the most deadly cephalopod greater blue ringed octopus
33%
longest animal lions mane jellyfish
33%
deadliest snake belcher sea snake
0%
the biggest type of insects hercules beetle
0%
animal that has the strongest bite force saltwater crocodile
0%
the biggest reptile that ever lived titanoboa
0%
No matching quizzes found
Score Distribution
Percent of People with Each Score
Percentile by Number Answered
Your Score History
You have not taken this quiz